El suicidio entre los esclavos negros en el Caribe en general y en el francés en particular: una manera de evasión considerada enfermedad, siglos XVII y XVIII /
El presente artículo se estudia el suicidio de los esclavos en los siglos XVII y XVIII, el cual se consideraba una enfermedad o venganza contra los amos, dicho estudio parte de nueve crónicas sobre Guadalupe, Martinica, Haití y otras islas francesas escritas por religiosos, administradores o histori...
Guardado en:
| Autor principal: | |
|---|---|
| Formato: | Texto |
| Materias: | |
| Etiquetas: |
Agregar Etiqueta
Sin Etiquetas, Sea el primero en etiquetar este registro!
|
MARC
| LEADER | 00000 a a2200000 04500 | ||
|---|---|---|---|
| 001 | 42453 | ||
| 003 | |||
| 040 | |||
| 100 | |a Malvido, Elsa | ||
| 245 | |a El suicidio entre los esclavos negros en el Caribe en general y en el francés en particular: |b una manera de evasión considerada enfermedad, siglos XVII y XVIII / |c Elsa Malvido | ||
| 520 | |a El presente artículo se estudia el suicidio de los esclavos en los siglos XVII y XVIII, el cual se consideraba una enfermedad o venganza contra los amos, dicho estudio parte de nueve crónicas sobre Guadalupe, Martinica, Haití y otras islas francesas escritas por religiosos, administradores o historiadores de la época. | ||
| 590 | |a SJB/MARZO2012 | ||
| 650 | |a 1.SUICIDIO | ||
| 650 | |a 2.ESCLAVITUD | ||
| 650 | |a 3.NEGROS | ||
| 650 | |a 4.HOMBRES | ||
| 650 | |a 5.CARIBE | ||
| 773 | |g número58 ( , 2010), páginas 113-124 | ||
| 999 | |c 26382 |d 26382 | ||
